50 Most Visited Countries in the World - Statistics

General Stats
  • This quiz has been taken 8,228 times
    602 since last reset
  • The average score is 37 of 47
Answer Stats
Tourists in 2023 Country % Correct
66.5 mil United States
99%
100 mil France
98%
24.8 mil China
97%
57.2 mil Italy
97%
25.1 mil Japan
97%
85.2 mil Spain
97%
37.2 mil United Kingdom
97%
5.9 mil Brazil
96%
42.2 mil Mexico
96%
18.3 mil Canada
94%
32.2 mil India
94%
7.2 mil Australia
93%
34.8 mil Germany
92%
32.7 mil Greece
91%
26.5 mil Portugal
91%
7.5 mil Sweden
90%
14.9 mil Egypt
89%
55.2 mil Turkey
89%
30.9 mil Austria
87%
11.7 mil Indonesia
87%
5.7 mil Norway
87%
19.0 mil Poland
87%
11.0 mil South Korea
87%
28.2 mil Thailand
87%
7.3 mil Argentina
86%
21.1 m Switzerland
85%
20.3 mil Netherlands
84%
8.5 mil South Africa
84%
9.3 mil Belgium
80%
18.0 mil Denmark
80%
28.1 mil United Arab Emirates
80%
14.5 mil Morocco
79%
12.6 mil Vietnam
79%
6.3 mil Ireland
78%
27.4 mil Saudi Arabia
78%
13.0 mil Czech Republic
73%
20.1 mil Malaysia
71%
12.9 mil Hungary
70%
16.9 mil Croatia
69%
21.1 m Singapore
67%
6.5 mil Taiwan
65%
7.4 mil Bulgaria
46%
9.4 mil Tunisia
46%
8.1 mil Dominican Republic
45%
9.7 mil Albania
34%
6.6 mil Uzbekistan
10%
7.3 mil Kyrgyzstan
4%
No matching quizzes found
Score Distribution
Percent of People with Each Score
Percentile by Number Answered
Your Score History
You have not taken this quiz since the last reset